01284cam a22003251 4500001001300000003000400013005001700017008004100034010001700075035001900092040001900111042001200130050002200142051003000164110006300194245011400257260002200371300004800393490002600441500006200467500011100529504002900640650004500669650006500714650001900779700002900798700003000827810008400857999001700941gs 43000043 DLC20260227111349.0781127s1943 msuab s001 0 eng  ags 43000043  a(OCoLC)4398622 aDLCcMsSMdDLC apremarc00aQE129b.A2 no. 51 aTN24.M7bA5 1943c2nd set2 aMississippi Geological, Economic, and Topographical Survey10aMontgomery County mineral resources: Geology,cby Richard Randall Priddy; Tests, by Thomas Edwin McCutcheon. aUniversityc1943. a114 p.billus., fold. maps, tables.c23 cm.1 aIts Bulletin,vno. 51 aAt head of title: Mississippi. State Geological Survey. a"Prepared in cooperation with the Montgomery County citizens and the WPA as a report on O.P. 65-1-62-137." a"References": p. 79-80. 0aGeologyzMississippizMontgomery County. 0aMines and mineral resourceszMississippizMontgomery County. 0aClayxTesting.1 aPriddy, Richard Randall.1 aMcCutcheon, Thomas Edwin.2 aMississippi Geological, Economic, and Topographical Survey.tBulletin,vno. 51. c27891d27891